| 000 | 01842nam a2200409Ia 4500 | ||
|---|---|---|---|
| 001 | ebr10278479 | ||
| 003 | CaPaEBR | ||
| 006 | m u | ||
| 007 | cr cn||||||||| | ||
| 008 | 960923s1997 nyua sb 001 0 eng d | ||
| 010 | _z 96044306 | ||
| 020 | _z9780195110630 | ||
| 020 | _z0195110633 (cloth) | ||
| 040 |
_aCaPaEBR _cCaPaEBR |
||
| 035 | _a(OCoLC)252563824 | ||
| 050 | 1 | 4 |
_aPS1449.C85 _bM334 1997eb |
| 100 | 1 | _aGandal, Keith. | |
| 245 | 1 | 4 |
_aThe virtues of the vicious _h[electronic resource] : _bJacob Riis, Stephen Crane and the spectacle of the slum / _cKeith Gandal. |
| 260 |
_aNew York : _bOxford University Press, _c1997. |
||
| 300 |
_aviii, 206 p. : _bill. |
||
| 500 | _aRevision of the authors thesis (doctoral)--University of California at Berkeley. | ||
| 504 | _aIncludes bibliographical references (p. 193-200) and index. | ||
| 533 |
_aElectronic reproduction. _bPalo Alto, Calif. : _cebrary, _d2009. _nAvailable via World Wide Web. _nAccess may be limited to ebrary affiliated libraries. |
||
| 600 | 1 | 0 |
_aCrane, Stephen, _d1871-1900. _tMaggie, a girl of the streets. |
| 600 | 1 | 0 |
_aRiis, Jacob A. _q(Jacob August), _d1849-1914. _tHow the other half lives. |
| 600 | 1 | 0 |
_aRiis, Jacob A. _q(Jacob August), _d1849-1914 _xInfluence. |
| 650 | 0 |
_aAmerican prose literature _y19th century _xHistory and criticism. |
|
| 650 | 0 |
_aDidactic literature, American _xHistory and criticism. |
|
| 650 | 0 |
_aSlums _zNew York (State) _zNew York _xHistoriography. |
|
| 650 | 0 | _aCity and town life in literature. | |
| 650 | 0 | _aSocial ethics in literature. | |
| 650 | 0 | _aSlums in literature. | |
| 650 | 0 | _aSpectacular, The. | |
| 655 | 7 |
_aElectronic books. _2local |
|
| 710 | 2 | _aebrary, Inc. | |
| 856 | 4 | 0 |
_uhttp://site.ebrary.com/lib/rucke/Doc?id=10278479 _zAn electronic book accessible through the World Wide Web; click to view |
| 999 |
_c19835 _d19835 |
||